Vaříme levná jídla

Bibliographic Details
Main Author: Vašák, Jaroslav, 1947- (Author)
Format: Software eBook
Language:Czech
PhysicalDescription:1 elektronický optický disk (CD-ROM) fareb. 12 cm
Published: [Brekov] Pavol Baláž - BALPA 2012
ISBN:9788089611027
Subjects:

MARC

LEADER 00000nam a2200000 a 4500
001 vtls010447422
003 SK-MaSNL
005 20260301033251.0
007 co cg auuua
008 240315s2012 xo | sf 000 0 cze
015 |a SNBS2016 
020 |a 9788089611027  |q (CD-ROM) 
040 |a SNK  |b slo  |c SNK  |e AACR2 
041 0 |a cze 
044 |a xo  |c SK 
072 7 |a 641  |x Kuchárstvo. Potraviny. Varené jedlá  |2 konspekt 
080 |a 641.553  |2 2011 
080 |a 641.55  |2 2011 
080 |a (0.034.44)  |2 2011 
080 |a (083.12)  |2 2011 
100 1 |a Vašák, Jaroslav,  |d 1947-  |4 aut  |9 314973 
245 1 0 |a Vaříme levná jídla  |h elektronický zdroj  |c Jaroslav Vašák 
260 |a [Brekov]  |b Pavol Baláž - BALPA  |c 2012 
300 |a 1 elektronický optický disk (CD-ROM)  |b fareb.  |c 12 cm 
500 |a Názov z titulnej obrazovky 
516 |a Textový dokument (príručka), súbor vo formáte pdf 
538 |a Technické požiadavky: PDF prehliadač 
650 0 7 |a jedlá  |2 SNKPH 
650 0 7 |a lacné jedlá  |2 SNKPH  |9 332040 
650 0 7 |a príprava jedál  |2 SNKPH  |9 57003 
650 0 7 |a Meals  |2 SNKPHeng  |9 311382 
650 0 7 |a Cheap meals  |2 SNKPHeng  |9 332041 
650 0 7 |a Meals preparation  |2 SNKPHeng  |9 304684 
655 7 |a elektronické zdroje  |2 SNKPH  |9 90954 
655 7 |a CD-ROM  |2 SNKPH  |9 70236 
655 7 |a kuchárske recepty  |2 SNKPH  |9 70493 
655 7 |a Electronic resources  |2 SNKPHeng  |9 175546 
655 7 |a Cookbooks  |2 SNKPHeng  |9 270340 
919 |a 978-80-89611-02-7 
999 |c 579814  |d 581744 
952 |a SNK  |b SNK  |y PREZ  |7 0  |p 17A1048968  |o snkSCDM 4984  |i snk2012/17486  |8 0  |0 0  |1 0  |4 0  |d 2012-09-11  |l 0  |r 2026-02-23 14:47:01  |w 2026-02-23 
952 |t snkVAR 641  |a SNKMST  |b SNKMST  |y PREZ  |7 0  |p 17A1048967  |o snkSCDM 4984 D1  |i snk2012/17487  |8 0  |0 0  |1 0  |4 0  |d 2012-09-11  |l 0  |r 2025-08-12 00:00:00  |w 2026-02-23